000 00590nam a22001937a 4500
999 _c9667
_d9667
003 AR-CdUCM
008 190328b ||||| |||| 00| 0 spa d
040 _aMUNICIPALIDAD PROVINCIAL DEL CUSCO
_cBIBLIOTECA MUNICIPAL DEL CUSCO
082 _a327.7 /
_bL25 / 1946
100 _aLarco Herrera, Rafael
_926024
245 _aAmérica en las Trincheras de la Democracia /
260 _aLima :
_bRimac ;
_c1946.
300 _a255 páginas ;
_c21cm
505 _aContenido: Democracia
650 _aDemocracia
_91352
650 _aAmérica Latina
_98824
942 _2ddc
_cLIBROS
945 _anom